| 000 | 00885 a2200217 4500 | ||
|---|---|---|---|
| 001 | 54565 | ||
| 005 | 20260407155819.0 | ||
| 008 | 260407a1977 arg spa d | ||
| 003 | AR-UNSa-BCEJYS | ||
| 040 |
_aAR-UNSa-BCEJYS _bspa _cAR-UNSa-BCEJYS |
||
| 080 |
_a327 _xRelaciones internacionales. Política internacional. Asuntos internacionales. Política exterior |
||
| 245 | 1 | 0 | _aDerecho presupuestario |
| 020 | _a84-7196-066-4 | ||
| 264 | 1 |
_aMadrid : _bInstituto de Estudio Fiscales _c1977 |
|
| 300 |
_a135 p. _c24 cm. |
||
| 505 | _aI. Introducción - II. La obra de Laband en el contexto histórico-político.El derecho público alemán de la segunda mitad del siglo XIX - III. El derecho del presupuesto en Laband.Análisis crítico - IV. Unas palabras finales | ||
| 942 | _cBK | ||
| 590 | _aniveau_biblio:m niveau_hierar:0 | ||
| 100 | 1 | _aLaband, Paul | |
| 700 | 1 | _aZamit, José | |
| 999 |
_c5645 _d5645 |
||